Los demonios del sindicalismo mexicano /

Obra que documenta la construcción de las redes de poder, complicidades y enriquecimiento de algunos líderes sindicales de México: Carlos Romero Deschamps, Elba Esther Gordillo, Agustín Rodríguez Fuentes, Napoleón Gómez Urrutia, Valdemar Gutiérrez Fragoso, Víctor Flores, Fernando Espino Arévalo, Fer...

詳細記述

保存先:
書誌詳細
第一著者: Moreno, Martín (autor)
フォーマット: 図書
言語:スペイン語
出版事項: México : Aguilar, 2015, c2015
主題:
タグ: タグ追加
タグなし, このレコードへの初めてのタグを付けませんか!

MARC

LEADER 00000nam^a2200000^a^4500
001 000354120
005 20250521000000.0
009 20260310115126.037
020 |a 978-607-113-529-2 
037 |a Acervo ITESO - Biblioteca 
041 |a ESP 
082 |a 320. 97207  |b MOR 
100 |a Moreno, Martín  |e (autor) 
245 1 4 |a Los demonios del sindicalismo mexicano /  |c M. Moreno. 
264 4 |a México :  |b Aguilar,  |c 2015, c2015 
300 |a 197 p. 
336 |a texto  |b txt  |2 rdacontenido 
337 |a sin mediación  |b n  |2 rdamedio 
338 |a volumen  |b nc  |2 rdasoporte 
520 |a Obra que documenta la construcción de las redes de poder, complicidades y enriquecimiento de algunos líderes sindicales de México: Carlos Romero Deschamps, Elba Esther Gordillo, Agustín Rodríguez Fuentes, Napoleón Gómez Urrutia, Valdemar Gutiérrez Fragoso, Víctor Flores, Fernando Espino Arévalo, Fernando y Carlos Fermín García Culebro. 
649 |a XX 
650 |a Abuso de Poder -  |z México 
650 |a Tráfico de Influencias -  |z México 
650 |a Corrupción -  |z México 
650 |a Poder Político -  |z México 
650 |a Sindicalismo Corporativo -  |z México 
650 |a Sindicalismo -  |z México -  |x Tema Principal 
650 |a Política -  |z México -  |x Historia -  |y Siglo XXI -  |x Tema Principal 
910 |a Fondo General 
920 |a Impresos - Libros 
930 |a Colección General 
905 |a 101 
901 |a 0500246993  |b IT1  |c ACC  |i C146410  |u 20250521 
902 |a https://opac.biblio.iteso.mx/vufind/Record/000354120